Biblioteca y Centro de Documentación

Por una política industrial activa (UGT 2016) (Registro nro. 48412)

Detalles MARC
000 -CABECERA
Longitud fija campo de control 00842naa a2200229 c 4500
001 - NÚMERO DE CONTROL
Número de control 48412
003 - IDENTIFICADOR DE NÚMERO DE CONTROL
Identificador del número de control ES-MaCES
005 - FECHA Y HORA DE LA ÚLTIMA TRANSACCIÓN
Fecha y hora de la última transacción 20161021105712.0
008 - CAMPO FIJO DE DESCRIPCIÓN FIJA--INFORMACIÓN GENERAL
Códigos de información de longitud fija   161021s2016 sp ||||| t||||||| ||spa d
040 ## - FUENTE DE CATALOGACIÓN
Centro catalogador de origen ES-MaCES
Lengua de catalogación spa
Centro transcriptor ES-MaCES
Centro modificado ES-MaCES
245 00 - MENCIÓN DE TÍTULO
Título Por una política industrial activa (UGT 2016)
650 #4 - ASIENTO SECUNDARIO DE MATERIA--TÉRMINO DE MATERIA
9 (RLIN) 27618
Término de materia o nombre geográfico como elemento inicial sector industrial
650 #4 - ASIENTO SECUNDARIO DE MATERIA--TÉRMINO DE MATERIA
9 (RLIN) 27623
Término de materia o nombre geográfico como elemento inicial desarrollo industrial
650 #4 - ASIENTO SECUNDARIO DE MATERIA--TÉRMINO DE MATERIA
9 (RLIN) 28259
Término de materia o nombre geográfico como elemento inicial productividad
650 #4 - ASIENTO SECUNDARIO DE MATERIA--TÉRMINO DE MATERIA
9 (RLIN) 27077
Término de materia o nombre geográfico como elemento inicial modelo de crecimiento
650 #4 - ASIENTO SECUNDARIO DE MATERIA--TÉRMINO DE MATERIA
9 (RLIN) 27626
Término de materia o nombre geográfico como elemento inicial planificación industrial
650 #4 - ASIENTO SECUNDARIO DE MATERIA--TÉRMINO DE MATERIA
9 (RLIN) 27627
Término de materia o nombre geográfico como elemento inicial política industrial
653 10 - TÉRMINO DE INDEXACIÓN--NO CONTROLADO
Término no controlado Industria-Energía
773 0# - ENTRADA DE DOCUMENTO FUENTE
Itemnumber del ítem fuente 85206
Lugar, editor y fecha de publicación Madrid Lefebvre El Derecho 2015-
Otro identificador del documento 088104
Título Derecho de las relaciones laborales
Número de control del registro relacionado (ES-MaCES)46200
Parte(s) relacionada(s) n. 7 (jul. 2016) {55/1131 R. 088104} ;p. 707-715
902 ## - CES. TIPO DE DOCUMENTO
Tipodoc (006$c Sirtex) ART Artículo de revista
942 ## - ELEMENTOS KOHA
Fuente de clasificaión o esquema Clasificación propia del CES
Koha [por defecto] tipo de item Artículos (1982-2017)
Parte de clasificación Políticas Sectoriales

No hay ítems disponibles.

© CES, Consejo Económico y Social de España 2021